Statistiques concernant Pays les plus proches d'Israël

Cliquez ici pour prendre le quiz!

Statistiques générales

  • Ce quiz a été pris 30 fois
  • Le résultat moyen est 17 sur 20

Statistiques - réponses

km pays % Correct
906Iran
100%
16Arabie Saoudite
100%
0Jordanie
96%
285Turquie
96%
291Irak
96%
0Égypte
96%
0Liban
93%
0Syrie
93%
0Palestine
89%
228Chypre
89%
723Grèce
89%
1057Géorgie
89%
834Libye
86%
1047Arménie
86%
1082Azerbaïdjan
86%
1188Russie
82%
833Soudan
71%
1093Koweït
71%
1169Bulgarie
54%
1314Roumanie
46%

Distribution des résultats

Percentile par nombre de réponses

% des personnes avec chaque résultat

Votre développement - résultats

Vous n’avez pas pris ce quiz